[Event "Muensterland Verbandsklasse-B 0506"]
[Site "Germany"]
[Date "2006.04.08"]
[Round "8.6"]
[White "Witt, Sebastian"]
[Black "Heider, Ralf"]
[Result "1-0"]
[WhiteElo "1857"]
[BlackElo "1667"]
[PlyCount "49"]
[EventDate "2005.09.03"]
[EventType "team"]
[EventRounds "9"]
[EventCountry "GER"]
[SourceTitle "EXT 2006"]
[Source "ChessBase"]
[SourceDate "2005.11.24"]
[SourceVersion "1"]
[SourceVersionDate "2005.11.24"]
[SourceQuality "1"]
[WhiteTeam "Muenster III"]
[BlackTeam "Luedinghausen"]
[WhiteTeamCountry "GER"]
[BlackTeamCountry "GER"]

1. d4 d5 2. c4 e5 3. dxe5 d4 4. Nf3 Nc6 5. a3 Bg4 6. Bf4 Nge7 7. Nbd2 Ng6 8. Bg3 a5 9. Qb3 Qc8 10. e3 a4 11. Qd3 dxe3 12. Qxe3 Ra5 13. Bd3 Bc5 14. Qe4 0-0 15. 0-0 Re8 16. h3 f5 17. Qd5+ Kh8 18. hxg4 Bxf2+ 19. Rxf2 Rxd5 20. cxd5 Ncxe5 21. Bxf5 Qd8 22. Rc1 Qd6 23. Nxe5 Nxe5 24. Re1 Qxd5 25. Rxe5 1-0

[Event "Muensterland Verbandsklasse-B 0506"]
[Site "Germany"]
[Date "2006.03.25"]
[Round "3.8"]
[White "Suer, Julian"]
[Black "Heider, Ralf"]
[Result "1-0"]
[WhiteElo "1655"]
[BlackElo "1667"]
[PlyCount "26"]
[EventDate "2005.09.03"]
[EventType "team"]
[EventRounds "9"]
[EventCountry "GER"]
[SourceTitle "EXT 2006"]
[Source "ChessBase"]
[SourceDate "2005.11.24"]
[SourceVersion "1"]
[SourceVersionDate "2005.11.24"]
[SourceQuality "1"]
[WhiteTeam "Raesfeld Erle"]
[BlackTeam "Luedinghausen"]
[WhiteTeamCountry "GER"]
[BlackTeamCountry "GER"]

1. d4 d5 2. c4 e5 3. dxe5 d4 4. Nf3 Nc6 5. e3 Bb4+ 6. Bd2 dxe3 7. fxe3 Bg4 8. Be2 Bxf3 9. Bxf3 Qh4+ 10. g3 Qxc4 11. a3 Bxd2+ 12. Nxd2 Qe6 13. 0-0 0-0-0 1-0